000 00804nac a22002657a 4500
001 BR9901517
003 BR-BrBNA
005 20240105122201.0
008 230509b bl.|||m| |||| 00| 0 por d
040 _aBR-BrBNA
_bpor
_cBiblioteca Nacional de Agricultura
072 _aH10
090 _a1190 BR9901517
100 1 _aSilva, O.L.R. e
110 1 _aSecretaria de Defesa Agropecuaria, Brasilia, DF (Brasil)
_98722
245 1 _aMosca da carambola (Bactrocera carambolae Drew Hancock
260 3 _aBrasilia, DF (Brasil):
_c1997.
300 _a10 p.
490 _aAlerta Quarentenario (Brazil)
_vno. 1
_x
500 _a14 ref.
650 _aMosca das Frutas
650 _aHospedeiro
650 _aControle Quimico
909 _a202312
_bLúcia Elande
_c55
_dLúcia Elande
942 _2AGRIS
_n0
_cMS
999 _c289673
_d289673